Normal view
MARC view
- Ian Brooks, Jamie Weatherston and Graham Wilkinson
Entry Personal Name
001 - CONTROL NUMBER
- control field: 3605
003 - CONTROL NUMBER IDENTIFIER
- control field: OSt
005 - DATE AND TIME OF LATEST TRANSACTION
- control field: 20201011115258.0
008 - FIXED-LENGTH DATA ELEMENTS
- fixed length control field: 201011|| aca||aabn | a|a d
040 ## - CATALOGING SOURCE
- Original cataloging agency: OSt
- Transcribing agency: OSt
100 ## - HEADING--PERSONAL NAME
- Personal name: Ian Brooks, Jamie Weatherston and Graham Wilkinson
670 ## - SOURCE DATA FOUND
- Source citation: Work cat.: (OSt): Brooks, Ian 3603, The International Business Environment/Challenges and Changes , c2011
